[Event "TOP 16"]
[Site "Vandoeuvre"]
[Date "2007.02.09"]
[Round "1.3"]
[White "Hracek, Zbynek"]
[Black "Calistri, Tristan"]
[Result "1-0"]
[WhiteElo "2619"]
[BlackElo "2381"]
[PlyCount "83"]
[WhiteTeam "Vandoeuvre"]
[BlackTeam "Creteil"]

1. e4 c5 2. Nf3 Nc6 3. Bb5 g6 4. Bxc6 dxc6 5. d3 Bg7 6. h3 Nf6 7. Nc3 Nd7 8.
Be3 e5 9. Qd2 Qe7 10. O-O-O Nf8 11. Bh6 f6 12. Bxg7 Qxg7 13. Ng1 Ne6 14. Nge2
Nd4 15. f4 exf4 16. Nxd4 cxd4 17. Ne2 c5 18. Nxf4 O-O 19. g4 a5 20. Rdf1 a4 21.
Rh2 b5 22. Rhf2 Ra6 23. Qe2 Bb7 24. h4 Re8 25. Qd2 Qd7 26. g5 fxg5 27. hxg5
Raa8 28. Ne2 Rf8 29. Rxf8+ Rxf8 30. Rxf8+ Kxf8 31. Qf4+ Ke8 32. a3 Qe7 33. Kd2
Kd7 34. Ng1 c4 35. Nf3 Qc5 36. Qf7+ Kc8 37. Qg8+ Kc7 38. Qg7+ Kb8 39. Qxd4 c3+
40. Kc1 Qf8 41. Qf6 Qc5 42. Qe5+ 1-0

[Event "TOP 16"]
[Site "Vandoeuvre"]
[Date "2007.02.09"]
[Round "1.4"]
[White "Strugnell, Carl"]
[Black "Brunner, Nicolas"]
[Result "0-1"]
[WhiteElo "2274"]
[BlackElo "2426"]
[PlyCount "96"]
[WhiteTeam "Creteil"]
[BlackTeam "Vandoeuvre"]

1. e4 c5 2. Nf3 d6 3. d4 cxd4 4. Nxd4 Nf6 5. Nc3 a6 6. f3 e6 7. Be3 b5 8. g4 h6
9. Qd2 Nbd7 10. O-O-O b4 11. Nce2 d5 12. exd5 Nxd5 13. Bf2 Bb7 14. Ng3 Be7 15.
Ne4 Nc5 16. Nxc5 Bg5 17. Nxb7 Qc7 18. Nc5 Qxc5 19. Nxe6 Bxd2+ 20. Rxd2 Qc6 21.
Nxg7+ Kf8 22. Nf5 Rc8 23. Bd4 Rg8 24. b3 Nc3 25. Bc4 Rxg4 26. Re1 Rxd4 27. Nxd4
Qb6 28. Nf5 Qa5 29. Rd7 Qxf5 30. Rxf7+ Qxf7 31. Bxf7 Kxf7 32. Kb2 Re8 33. Rg1
Re2 34. a3 Nd5 35. axb4 Nxb4 36. Rg4 Nxc2 37. Rf4+ Kg6 38. h4 Ne3+ 39. Ka3 Nf5
40. Rg4+ Kh5 41. Kb4 Nxh4 42. Re4 Rxe4+ 43. fxe4 Nf3 44. Ka5 Ne5 45. b4 Nc6+
46. Kxa6 Nxb4+ 47. Kb5 Nd3 48. Kc6 Nf4 0-1

[Event "TOP 16"]
[Site "Vandoeuvre"]
[Date "2007.02.09"]
[Round "1.5"]
[White "Nezar, Mustapha"]
[Black "Romieux, Sebastien"]
[Result "1-0"]
[WhiteElo "2423"]
[BlackElo "2252"]
[PlyCount "89"]
[WhiteTeam "Vandoeuvre"]
[BlackTeam "Creteil"]

1. e4 c5 2. Nf3 Nc6 3. d4 cxd4 4. Nxd4 Nf6 5. Nc3 d6 6. Bg5 e6 7. Qd2 a6 8.
O-O-O Bd7 9. f3 Be7 10. h4 h5 11. Kb1 Rc8 12. Nxc6 Rxc6 13. f4 Ng4 14. Bxe7
Qxe7 15. g3 b5 16. Bh3 O-O 17. e5 d5 18. Bxg4 hxg4 19. Ne2 Rfc8 20. Nd4 Rc4 21.
h5 a5 22. h6 g6 23. h7+ Kh8 24. Qe2 a4 25. Qxg4 a3 26. Qh4 Qxh4 27. Rxh4 axb2
28. Kxb2 b4 29. Rh2 Kg7 30. Nf3 Ba4 31. Rdd2 Rh8 32. Rd4 Rxh7 33. Rxh7+ Kxh7
34. Rxc4 dxc4 35. Ng5+ Kg7 36. c3 b3 37. axb3 Bxb3 38. Ka3 Bc2 39. Kb4 Bd3 40.
Kc5 Kf8 41. Nf3 f6 42. Kd6 Kf7 43. Nd4 Bf5 44. Nxf5 gxf5 45. Kd7 1-0

[Event "TOP 16"]
[Site "Vandoeuvre"]
[Date "2007.02.09"]
[Round "1.6"]
[White "Larrat, Philippe"]
[Black "Philippe, Christophe"]
[Result "1-0"]
[WhiteElo "2156"]
[BlackElo "2364"]
[PlyCount "65"]
[WhiteTeam "Creteil"]
[BlackTeam "Vandoeuvre"]

1. e4 c5 2. c3 d5 3. exd5 Qxd5 4. d4 Nc6 5. Nf3 Nf6 6. Be3 cxd4 7. cxd4 e6 8.
Nc3 Qd6 9. a3 Be7 10. Bd3 O-O 11. O-O b6 12. Qe2 Bb7 13. Rad1 Rad8 14. Bb1 Rfe8
15. Rfe1 Qb8 16. Qc2 g6 17. Ba2 Qa8 18. Bg5 Kg7 19. d5 Nxd5 20. Nxd5 exd5 21.
Rxe7 Nxe7 22. Qc3+ Kg8 23. Qb4 Nf5 24. Bb1 d4 25. Nd2 Rd5 26. Ne4 Rxe4 27. Bxe4
Re5 28. Bxf5 Rxf5 29. Bh6 Rh5 30. Rxd4 Bd5 31. Qd2 Re5 32. f4 Rh5 33. Bg5 1-0

[Event "TOP 16"]
[Site "Vandoeuvre"]
[Date "2007.02.09"]
[Round "1.7"]
[White "Moret, Vincent"]
[Black "Guilleux, Fabien"]
[Result "0-1"]
[WhiteElo "2194"]
[BlackElo "2163"]
[PlyCount "128"]
[WhiteTeam "Vandoeuvre"]
[BlackTeam "Creteil"]

1. Nf3 Nf6 2. c4 g6 3. Nc3 Bg7 4. d4 O-O 5. e4 d6 6. Be2 e5 7. O-O Nc6 8. d5
Ne7 9. Ne1 Nd7 10. Be3 f5 11. f3 f4 12. Bf2 g5 13. a4 Ng6 14. a5 Kh8 15. b4 Rg8
16. c5 Nf6 17. cxd6 cxd6 18. Nb5 g4 19. Nxa7 g3 20. Bb6 gxh2+ 21. Kxh2 Qe7 22.
Nxc8 Raxc8 23. Rh1 Nd7 24. Bf2 Bf6 25. Kg1 Bh4 26. Nd3 Qg5 27. Qe1 Bg3 28. Bf1
Rc2 29. Rc1 Ra2 30. Ra1 Rxa1 31. Qxa1 Nh4 32. Qe1 Nf6 33. Bxg3 fxg3 34. Qc1
Nxf3+ 35. gxf3 g2 36. Qxg5 gxh1=Q+ 37. Kxh1 Rxg5 38. b5 Rg7 39. a6 bxa6 40.
bxa6 Nd7 41. Nb4 Nb8 42. Bb5 Ra7 43. Kg2 Kg7 44. Kg3 Kf6 45. Kg4 Ke7 46. Kf5
Kd8 47. Ke6 Kc7 48. Bf1 h5 49. Kf5 Kb6 50. Kg5 Rf7 51. Be2 Kc5 52. Nc2 Nxa6 53.
Bxa6 Rxf3 54. Kxh5 Kb6 55. Be2 Rf2 56. Bd3 Kc5 57. Ne1 Kd4 58. Ba6 Kxe4 59. Kg4
Kxd5 60. Kg3 Rf8 61. Bb7+ Kd4 62. Nf3+ Ke3 63. Bd5 e4 64. Ng5 Rf5 0-1

[Event "TOP 16"]
[Site "Vandoeuvre"]
[Date "2007.02.09"]
[Round "1.8"]
[White "Lam, Sophie"]
[Black "Klipper, Rebecca"]
[Result "1-0"]
[WhiteElo "2067"]
[BlackElo "2039"]
[PlyCount "57"]
[WhiteTeam "Creteil"]
[BlackTeam "Vandoeuvre"]

1. e4 c5 2. Nf3 g6 3. d4 Bg7 4. Nc3 Qa5 5. Be2 Nc6 6. d5 Nd4 7. Bd2 Nxe2 8.
Qxe2 d6 9. e5 Qa6 10. Nb5 Kd8 11. exd6 exd6 12. Bg5+ Nf6 13. O-O Re8 14. Qxe8+
Kxe8 15. Nc7+ Kd7 16. Nxa6 bxa6 17. Rad1 Ne4 18. Bc1 Rb8 19. Rfe1 f5 20. c3 a5
21. Ng5 Nxg5 22. Bxg5 Bf8 23. Re6 Ba6 24. b3 c4 25. Rde1 cxb3 26. axb3 a4 27.
bxa4 Bc4 28. Be7 Bg7 29. Rxd6+ 1-0

[Event "TOP 16"]
[Site "Marseille"]
[Date "2007.02.10"]
[Round "2.1"]
[White "Miton, Kamil"]
[Black "Nielsen, Peter Heine"]
[Result "1/2-1/2"]
[WhiteElo "2655"]
[BlackElo "2651"]
[PlyCount "29"]
[EventDate "2007.??.??"]
[WhiteTeam "Marseille"]
[BlackTeam "Paris Chess Club"]

1. d4 Nf6 2. c4 e6 3. Nf3 d5 4. Nc3 dxc4 5. e4 Bb4 6. Bg5 c5 7. Bxc4 cxd4 8.
Nxd4 Bxc3+ 9. bxc3 Qa5 10. Nb5 Nxe4 11. Bf4 O-O 12. O-O Nc6 13. Qf3 e5 14. Qxe4
exf4 15. Qxf4 1/2-1/2

[Event "TOP 16"]
[Site "Marseille"]
[Date "2007.02.10"]
[Round "2.3"]
[White "Jedynak, Radoslaw"]
[Black "Vallejo Pons, Francisco"]
[Result "1/2-1/2"]
[WhiteElo "2554"]
[BlackElo "2679"]
[PlyCount "128"]
[EventDate "2007.??.??"]
[WhiteTeam "Marseille"]
[BlackTeam "Paris Chess Club"]

1. d4 d5 2. c4 e6 3. Nc3 c6 4. e4 dxe4 5. Nxe4 Bb4+ 6. Nc3 c5 7. Nf3 Nf6 8. a3
Bxc3+ 9. bxc3 Qa5 10. Bd2 Ne4 11. Bd3 Nxd2 12. Qxd2 O-O 13. O-O cxd4 14. cxd4
Qxd2 15. Nxd2 Rd8 16. Nf3 Nc6 17. Rfd1 Kf8 18. Be4 Na5 19. c5 Bd7 20. Rdb1 Rab8
21. Rb4 Bc6 22. Bxc6 Nxc6 23. Rc4 Rd5 24. g3 g5 25. h3 Ke7 26. Rb1 Kd7 27. Kg2
Kc7 28. Re1 h6 29. Re4 Kd7 30. Re1 Rd8 31. g4 Ke7 32. Re4 f6 33. Rc1 Nxd4 34.
Rb1 Nxf3 35. Kxf3 R8d7 36. Ra4 a6 37. c6 bxc6 38. Rxa6 Rc5 39. Rbb6 Rc3+ 40.
Kg2 Kd6 41. Rb8 Ke5 42. Rc8 Rd6 43. Rb6 Rc2 44. Rb3 c5 45. Rh8 c4 46. Re3+ Kd4
47. Rxh6 Rc3 48. Re1 e5 49. h4 gxh4 50. Rxh4 Rxa3 51. g5+ Kd5 52. g6 f5 53. Rh6
Rd8 54. Rb1 Rg8 55. Rb5+ Kd4 56. Rb6 c3 57. Rh7 Ra5 58. Kf3 e4+ 59. Kf4 Ra2 60.
Kg3 c2 61. Rc7 Kd3 62. Rbc6 Rb2 63. g7 Kd2 64. Kf4 c1=Q 1/2-1/2

[Event "TOP 16"]
[Site "Marseille"]
[Date "2007.02.10"]
[Round "2.4"]
[White "Nataf, Igor-Alexandre"]
[Black "Genov, Petar"]
[Result "1/2-1/2"]
[WhiteElo "2589"]
[BlackElo "2489"]
[PlyCount "60"]
[EventDate "2007.??.??"]
[WhiteTeam "Paris Chess Club"]
[BlackTeam "Marseille"]

1. e4 c6 2. d4 d5 3. Nd2 dxe4 4. Nxe4 Bf5 5. Ng3 Bg6 6. N1e2 e6 7. Nf4 Bd6 8.
h4 Bxf4 9. Bxf4 h6 10. c3 Nf6 11. h5 Bh7 12. Qb3 Nd5 13. Bd2 Qc7 14. c4 Nf6 15.
Qa3 Na6 16. b4 O-O 17. b5 cxb5 18. cxb5 Nb8 19. Rc1 Qd8 20. Bb4 Re8 21. Bd6 Nd5
22. Be2 Nd7 23. O-O Qh4 24. Rfd1 N7f6 25. Bf3 Red8 26. Bc7 Re8 27. Bd6 Red8 28.
Be7 Nxe7 29. Qxe7 Rd7 30. Qc5 Be4 1/2-1/2

[Event "TOP 16"]
[Site "Marseille"]
[Date "2007.02.10"]
[Round "2.5"]
[White "Guadalpi, David"]
[Black "Vachier-Lagrave, Maxime"]
[Result "0-1"]
[WhiteElo "2330"]
[BlackElo "2573"]
[PlyCount "78"]
[EventDate "2007.??.??"]
[WhiteTeam "Marseille"]
[BlackTeam "Paris Chess Club"]

1. d4 Nf6 2. c4 g6 3. Nc3 d5 4. cxd5 Nxd5 5. Bd2 Nb6 6. Bg5 Bg7 7. e3 O-O 8.
Nf3 Be6 9. Be2 h6 10. Bh4 g5 11. Bg3 c5 12. Rc1 Nc6 13. dxc5 Nc4 14. Qxd8 Rfxd8
15. b3 Na3 16. O-O g4 17. Nd4 Nxd4 18. exd4 Rxd4 19. Rfd1 Rc8 20. Na4 h5 21.
Rxd4 Bxd4 22. Bf4 Bf5 23. Be3 Nc2 24. Bxd4 Nxd4 25. Bf1 b5 26. Nb2 a5 27. Nd3
Bxd3 28. Bxd3 e5 29. Kf1 f5 30. Ke1 Kf7 31. Kd2 Ke6 32. Ke3 Kd5 33. f4 gxf3 34.
gxf3 Rxc5 35. Rg1 Rc3 36. Rg8 Nxf3 37. Rd8+ Ke6 38. Kxf3 Rxd3+ 39. Rxd3 e4+ 0-1

[Event "TOP 16"]
[Site "Marseille"]
[Date "2007.02.10"]
[Round "2.6"]
[White "Hauchard, Arnaud"]
[Black "Garrido, Denis"]
[Result "1-0"]
[WhiteElo "2474"]
[BlackElo "2347"]
[PlyCount "77"]
[EventDate "2007.??.??"]
[WhiteTeam "Paris Chess Club"]
[BlackTeam "Marseille"]

1. d4 Nf6 2. c4 c5 3. d5 d6 4. Nc3 g6 5. e4 Bg7 6. Bd3 O-O 7. h3 Na6 8. Nf3 Nc7
9. Bg5 h6 10. Be3 e6 11. Qd2 exd5 12. cxd5 Re8 13. a4 a6 14. O-O g5 15. h4 g4
16. Nh2 Nd7 17. Nxg4 Qxh4 18. Nxh6+ Bxh6 19. Bxh6 Re5 20. Qf4 Rh5 21. Qxh4 Rxh4
22. Bg5 Rg4 23. f4 Rxg5 24. fxg5 Ne5 25. Be2 Bd7 26. Rf6 Ne8 27. Rh6 Kf8 28.
Kf2 Ke7 29. Rh8 Nc7 30. Rxa8 Nxa8 31. Rb1 a5 32. Bb5 Nb6 33. Bxd7 Nbxd7 34. b3
Ng6 35. Nd1 Nde5 36. Kg3 Kd7 37. Ne3 Kc7 38. Rf1 Ne7 39. Nc4 1-0

[Event "TOP 16"]
[Site "Marseille"]
[Date "2007.02.10"]
[Round "2.7"]
[White "Amigues, Emmanuel"]
[Black "Spiridonov, Nikola"]
[Result "1/2-1/2"]
[WhiteElo "2391"]
[BlackElo "2365"]
[PlyCount "143"]
[EventDate "2007.??.??"]
[WhiteTeam "Marseille"]
[BlackTeam "Paris Chess Club"]

1. d4 Nf6 2. c4 e6 3. Nf3 Bb4+ 4. Nbd2 d5 5. a3 Be7 6. e3 c5 7. b3 cxd4 8. Nxd4
O-O 9. Bb2 b6 10. Be2 Bb7 11. O-O Nc6 12. Nxc6 Bxc6 13. cxd5 Qxd5 14. Bf3 Qd7
15. Bxc6 Qxc6 16. Rc1 Qb7 17. Qf3 Qxf3 18. Nxf3 Rfd8 19. Nd4 Kf8 20. Rc4 Rd7
21. Rfc1 Rad8 22. Kf1 Ke8 23. Ke1 a6 24. Nc6 Rc8 25. Ne5 Rxc4 26. Rxc4 Rd6 27.
Rc8+ Rd8 28. Rc6 Rd6 29. Rc8+ Rd8 30. Rc7 Bd6 31. Ra7 Bxe5 32. Bxe5 Rd3 33.
Rxa6 Ke7 34. Ra7+ Ke8 35. Ra6 Rxb3 36. Ra8+ Ke7 37. Ra7+ Ke8 38. Bd6 Ne4 39.
Bb4 Rb1+ 40. Ke2 Rb2+ 41. Kf3 f5 42. Kf4 Rxf2+ 43. Ke5 Rxg2 44. Kxe6 Rg6+ 45.
Kxf5 Nc5 46. Bxc5 bxc5 47. Ke5 Rh6 48. Rxg7 Rxh2 49. e4 c4 50. Rc7 Rh5+ 51. Ke6
Rh6+ 52. Kf5 Ra6 53. Rxc4 Rxa3 54. Rc7 h5 55. Rh7 Ra6 56. e5 Kf8 57. Rh8+ Ke7
58. Rxh5 Rb6 59. Rh7+ Ke8 60. Ra7 Rc6 61. Ke4 Rb6 62. Kd4 Rc6 63. Kd5 Rh6 64.
Rc7 Rg6 65. Rc6 Rxc6 66. Kxc6 Ke7 67. Kd5 Kd7 68. e6+ Ke7 69. Ke5 Ke8 70. Kd6
Kd8 71. e7+ Ke8 72. Ke6 1/2-1/2

[Event "TOP 16"]
[Site "Marseille"]
[Date "2007.02.10"]
[Round "2.8"]
[White "Aflalo, Sophie"]
[Black "Delorme, Laurie"]
[Result "0-1"]
[WhiteElo "1977"]
[BlackElo "2043"]
[PlyCount "82"]
[EventDate "2007.??.??"]
[WhiteTeam "Paris Chess Club"]
[BlackTeam "Marseille"]

1. e4 e5 2. Nf3 Nc6 3. Bc4 Nf6 4. Ng5 d5 5. exd5 b5 6. Bf1 Nd4 7. c3 Nxd5 8.
cxd4 Qxg5 9. Bxb5+ Kd8 10. O-O Nf4 11. Qf3 Rb8 12. Qg3 Qxg3 13. fxg3 Rxb5 14.
gxf4 exd4 15. b3 Be6 16. Ba3 c5 17. f5 Bd5 18. d3 Ra5 19. Bb2 Be7 20. Nd2 Bg5
21. Nc4 Ra6 22. Rfe1 Bf6 23. Bc1 h5 24. Bf4 h4 25. h3 Rh5 26. Nd6 Kd7 27. Re2
Rxd6 28. Bxd6 Kxd6 29. Rf1 Bg5 30. Kh2 Be3 31. g3 hxg3+ 32. Kxg3 Bc6 33. Kg4
Rg5+ 34. Kh4 f6 35. a4 Bg2 36. Rxg2 Rxg2 37. Kh5 Rg5+ 38. Kh4 Ke5 39. a5 Bf4
40. Rf3 Kxf5 41. b4 Rg6 0-1

[Event "TOP 16"]
[Site "Marseille"]
[Date "2007.02.10"]
[Round "2.3"]
[White "Fontaine, Robert"]
[Black "Ivanisevic, Ivan"]
[Result "1/2-1/2"]
[WhiteElo "2557"]
[BlackElo "2602"]
[PlyCount "78"]
[EventDate "2007.??.??"]
[WhiteTeam "Cannes"]
[BlackTeam "Antibes"]

1. d4 Nf6 2. c4 e6 3. Nc3 Bb4 4. Nf3 c5 5. g3 cxd4 6. Nxd4 Ne4 7. Qd3 Bxc3+ 8.
bxc3 Nc5 9. Qd2 b6 10. Nb5 O-O 11. Nd6 Bb7 12. f3 Nba6 13. Bg2 Bc6 14. O-O f5
15. Ba3 Qf6 16. Rad1 Na4 17. Nb5 N6c5 18. Rc1 a6 19. Nd6 e5 20. e4 fxe4 21.
fxe4 Qe6 22. h4 Rxf1+ 23. Rxf1 Nxc3 24. Bxc5 bxc5 25. Kh2 Rb8 26. a3 Na4 27.
Nf5 h6 28. Qe2 Kh7 29. Qg4 Qf6 30. h5 Rb7 31. Kh3 Nc3 32. Nh4 Qg5 33. Rf8 Qxg4+
34. Kxg4 Nxe4 35. Ng6 Nf6+ 36. Kh4 Ng8 37. Rc8 Rb2 38. Nf8+ Kh8 39. Ng6+ Kh7
1/2-1/2

[Event "TOP 16"]
[Site "Marseille"]
[Date "2007.02.10"]
[Round "2.4"]
[White "Damljanovic, Branko"]
[Black "Palac, Mladen"]
[Result "1/2-1/2"]
[WhiteElo "2590"]
[BlackElo "2571"]
[PlyCount "46"]
[EventDate "2007.??.??"]
[WhiteTeam "Antibes"]
[BlackTeam "Cannes"]

1. e4 c5 2. Nf3 Nc6 3. d4 cxd4 4. Nxd4 Nf6 5. Nc3 e5 6. Ndb5 d6 7. Nd5 Nxd5 8.
exd5 Nb8 9. c4 Be7 10. Bd3 O-O 11. O-O a6 12. Nc3 f5 13. f3 Bg5 14. Rb1 Nd7 15.
b4 Bxc1 16. Qxc1 b6 17. Qe3 a5 18. a3 Ba6 19. Rbc1 g6 20. Kh1 Qh4 21. Ne2 Rfc8
22. g3 Qd8 23. b5 Bb7 1/2-1/2

[Event "TOP 16"]
[Site "Marseille"]
[Date "2007.02.10"]
[Round "2.5"]
[White "Godena, Michele"]
[Black "Miralles, Gilles"]
[Result "1/2-1/2"]
[WhiteElo "2530"]
[BlackElo "2486"]
[PlyCount "82"]
[EventDate "2007.??.??"]
[WhiteTeam "Cannes"]
[BlackTeam "Antibes"]

1. e4 c5 2. Nf3 d6 3. Bc4 Nf6 4. d3 e6 5. Bb3 Be7 6. O-O O-O 7. Re1 Nbd7 8.
Nbd2 a6 9. Nf1 b5 10. c3 Bb7 11. Ng3 Ne5 12. d4 Nxf3+ 13. Qxf3 cxd4 14. cxd4 d5
15. e5 Ne4 16. Qg4 Kh8 17. Bc2 Rc8 18. Bd3 f5 19. exf6 Bxf6 20. Be3 e5 21. dxe5
Bxe5 22. Rad1 Qf6 23. Bxe4 dxe4 24. Nxe4 Bxe4 25. Qxe4 Bxb2 26. g3 h6 27. Rd5
Rc4 28. Qd3 Qf3 29. Rd6 Ra4 30. Qb1 Bc3 31. Red1 Bf6 32. Qc2 Rc4 33. Qb1 Bg5
34. Bb6 Rc6 35. Rxc6 Qxc6 36. Bd4 Qf3 37. Re1 Bf6 38. Re3 Qc6 39. Bxf6 Qxf6 40.
Qe1 Qf5 41. Re6 Qf3 1/2-1/2

[Event "TOP 16"]
[Site "Marseille"]
[Date "2007.02.10"]
[Round "2.6"]
[White "Acher, Mathieu"]
[Black "Cornette, Matthieu"]
[Result "1/2-1/2"]
[WhiteElo "2358"]
[BlackElo "2482"]
[PlyCount "68"]
[EventDate "2007.??.??"]
[WhiteTeam "Antibes"]
[BlackTeam "Cannes"]

1. e4 c5 2. Nf3 e6 3. d4 cxd4 4. Nxd4 Nc6 5. Nc3 Qc7 6. Be2 a6 7. O-O Nf6 8.
Kh1 Nxd4 9. Qxd4 Bc5 10. Qd3 b5 11. f4 h5 12. Bf3 Bb7 13. e5 Ng4 14. Bxb7 Qxb7
15. Ne4 Rc8 16. a4 Be7 17. axb5 axb5 18. Ra5 Rc4 19. Nc3 O-O 20. Rxb5 Qc6 21.
h3 Nh6 22. Rd1 Bb4 23. Rb6 Qc8 24. Bd2 Nf5 25. Rb8 Qc6 26. Rb6 Qc8 27. Rb8 Qc6
28. Rb6 Qc8 29. Ne2 Be7 30. c3 Qc5 31. Rb7 Qc6 32. Rxd7 Re4 33. Rc7 Qa8 34. Kh2
Rd8 {suite illisible} 1/2-1/2

[Event "TOP 16"]
[Site "Marseille"]
[Date "2007.02.10"]
[Round "2.7"]
[White "Guidarelli, Laurent"]
[Black "Bijaoui, Manuel"]
[Result "1-0"]
[WhiteElo "2450"]
[BlackElo "2396"]
[PlyCount "53"]
[EventDate "2007.??.??"]
[WhiteTeam "Cannes"]
[BlackTeam "Antibes"]

1. e4 c5 2. Nf3 d6 3. d4 cxd4 4. Nxd4 Nf6 5. Nc3 a6 6. Bc4 e6 7. Bb3 Nbd7 8.
Bg5 Nc5 9. f4 Be7 10. Qf3 Qc7 11. O-O-O b5 12. Kb1 b4 13. Bxf6 Bxf6 14. e5 bxc3
15. exf6 Bb7 16. fxg7 Rg8 17. Qxc3 O-O-O 18. Nf3 Nxb3 19. Qxb3 Rxg7 20. g3 e5
21. Rd3 Qa5 22. Re1 e4 23. Qc3+ Qxc3 24. Rxc3+ Kb8 25. Nd4 Rd7 26. Kc1 Rg6 27.
Kd2 1-0

[Event "TOP 16"]
[Site "Marseille"]
[Date "2007.02.10"]
[Round "2.8"]
[White "Cochet, Caroline"]
[Black "Leconte, Maria"]
[Result "0-1"]
[WhiteElo "2047"]
[BlackElo "2377"]
[PlyCount "60"]
[EventDate "2007.??.??"]
[WhiteTeam "Antibes"]
[BlackTeam "Cannes"]

1. e4 e6 2. d3 d5 3. Nd2 c5 4. g3 Nc6 5. Bg2 g6 6. Ngf3 Bg7 7. O-O Nge7 8. Re1
O-O 9. e5 h6 10. h4 Nf5 11. c3 f6 12. exf6 Qxf6 13. Qe2 e5 14. Nf1 Nfe7 15.
N3h2 Bf5 16. Bd2 Rad8 17. Ne3 Bxd3 18. Qxd3 Qxf2+ 19. Kh1 Qxg3 20. Rf1 e4 21.
Qe2 Qxh4 22. c4 Be5 23. Neg4 Nf5 24. Be1 Qh5 25. cxd5 Bxh2 26. dxc6 Ng3+ 27.
Bxg3 Bxg3+ 28. Kg1 Bh2+ 29. Kh1 Be5+ 30. Kg1 Bd4+ 0-1

[Event "TOP 16"]
[Site "Vandoeuvre"]
[Date "2007.02.10"]
[Round "2.1"]
[White "Asrian, Karen"]
[Black "Calistri, Tristan"]
[Result "1-0"]
[WhiteElo "2634"]
[BlackElo "2381"]
[PlyCount "83"]
[EventDate "2007.??.??"]
[WhiteTeam "Bischwiller"]
[BlackTeam "Creteil"]

1. e4 c5 2. Nf3 Nc6 3. Bb5 g6 4. Bxc6 dxc6 5. d3 Bg7 6. Nc3 Bg4 7. Be3 b6 8.
Qd2 Bxf3 9. gxf3 e5 10. O-O-O Nf6 11. Ne2 Nh5 12. Ng3 Qh4 13. Rdg1 Nf4 14. Nf5
gxf5 15. Bxf4 Qf6 16. Bg5 Qe6 17. Kb1 Kd7 18. Rg2 Rag8 19. Rhg1 Bf8 20. f4 f6
21. Bh4 Rxg2 22. Rxg2 Bh6 23. Qd1 Bxf4 24. Rg7+ Kc8 25. Rxa7 Kb8 26. Rg7 Bh6
27. Rg1 Bf4 28. h3 Rd8 29. exf5 Qxf5 30. Qf3 Kc7 31. Qg4 Qxg4 32. Rxg4 c4 33.
Bxf6 Rd6 34. Rxf4 exf4 35. Be5 Kd7 36. Bxd6 Kxd6 37. dxc4 Ke5 38. c5 b5 39. b4
Kd4 40. Kc1 Ke4 41. c3 f3 42. Kc2 1-0

[Event "TOP 16"]
[Site "Vandoeuvre"]
[Date "2007.02.10"]
[Round "2.2"]
[White "Lepelletier, Benoit"]
[Black "Schlosser, Philipp"]
[Result "1/2-1/2"]
[WhiteElo "2421"]
[BlackElo "2562"]
[PlyCount "47"]
[EventDate "2007.??.??"]
[WhiteTeam "Creteil"]
[BlackTeam "Bischwiller"]

1. e4 c5 2. Nf3 e6 3. Nc3 a6 4. d4 cxd4 5. Nxd4 b5 6. Bd3 d6 7. O-O Nf6 8. Qe2
Be7 9. f4 Bb7 10. a4 b4 11. Nd1 O-O 12. Nf2 a5 13. Bd2 Na6 14. c3 bxc3 15. Bxc3
Nc5 16. Rfe1 Nxd3 17. Qxd3 Qb6 18. Nf3 Rfc8 19. Bd4 Qd8 20. Rac1 d5 21. e5 Ne4
22. Qe3 h6 23. Rxc8 Rxc8 24. Rc1 1/2-1/2

[Event "TOP 16"]
[Site "Vandoeuvre"]
[Date "2007.02.10"]
[Round "2.3"]
[White "Buhmann, Rainer"]
[Black "Dourerassou, Jonathan"]
[Result "1-0"]
[WhiteElo "2547"]
[BlackElo "2358"]
[PlyCount "91"]
[EventDate "2007.??.??"]
[WhiteTeam "Bischwiller"]
[BlackTeam "Creteil"]

1. Nf3 c5 2. c4 Nf6 3. Nc3 d5 4. cxd5 Nxd5 5. d4 Nxc3 6. bxc3 g6 7. e3 Bg7 8.
Bb5+ Nd7 9. O-O a6 10. Bd3 O-O 11. a4 e5 12. Ba3 Re8 13. Qc2 Qc7 14. Qa2 e4 15.
Ng5 Ne5 16. Bc2 Ng4 17. g3 Bf5 18. Bb3 Nh6 19. Bxc5 Bf6 20. h4 Bg4 21. Bd1 Bf5
22. Rb1 Ng4 23. Bxg4 Bxg4 24. Qd5 Rad8 25. Qxb7 Qxb7 26. Rxb7 Rd7 27. Rb6 Bd8
28. Rb8 h6 29. f3 exf3 30. Nxf3 f6 31. Nh2 Bf5 32. g4 Bc2 33. Rxf6 Kg7 34. Rd6
Rxd6 35. Bxd6 Bxa4 36. Be5+ Kf7 37. Nf3 Bc6 38. Kf2 Ke6 39. c4 Be4 40. Bf4 a5
41. d5+ Kf7 42. Ne5+ Kg7 43. g5 hxg5 44. hxg5 Rf8 45. Ke2 a4 46. Nc6 1-0

[Event "TOP 16"]
[Site "Vandoeuvre"]
[Date "2007.02.10"]
[Round "2.4"]
[White "Romieux, Sebastien"]
[Black "Wagner, Claude"]
[Result "0-1"]
[WhiteElo "2252"]
[BlackElo "2358"]
[PlyCount "72"]
[EventDate "2007.??.??"]
[WhiteTeam "Creteil"]
[BlackTeam "Bischwiller"]

1. e4 c5 2. Nf3 Nc6 3. d4 cxd4 4. Nxd4 Nf6 5. Nc3 e5 6. Ndb5 d6 7. a4 a6 8. Na3
Bg4 9. f3 Be6 10. Bc4 Nb4 11. Bg5 Qb6 12. b3 d5 13. a5 Qxa5 14. exd5 Nfxd5 15.
Bxd5 Nxd5 16. Nab5 Nxc3 17. Rxa5 Nxd1 18. Kxd1 Rc8 19. Na3 Bb4 20. Ra4 a5 21.
Nb5 O-O 22. c4 f6 23. Bd2 Rfd8 24. Ra2 a4 25. bxa4 Rxc4 26. Ke2 Bxd2 27. Rxd2
Rxd2+ 28. Kxd2 Rxa4 29. Nc3 Rd4+ 30. Ke3 Bc4 31. Ne4 Rd3+ 32. Ke2 f5 33. Ng3 g6
34. h4 e4 35. Rc1 b5 36. Ke1 exf3 0-1

[Event "TOP 16"]
[Site "Vandoeuvre"]
[Date "2007.02.10"]
[Round "2.5"]
[White "Netzer, Jean"]
[Black "Strugnell, Carl"]
[Result "1/2-1/2"]
[WhiteElo "2404"]
[BlackElo "2274"]
[PlyCount "107"]
[EventDate "2007.??.??"]
[WhiteTeam "Bischwiller"]
[BlackTeam "Creteil"]

1. c4 Nf6 2. Nc3 d5 3. cxd5 Nxd5 4. Nf3 g6 5. e4 Nxc3 6. dxc3 Qxd1+ 7. Kxd1 f6
8. Bc4 e5 9. Be3 Nd7 10. Ke2 Bc5 11. Bh6 Ke7 12. Rad1 Nb6 13. Bb3 Bd7 14. Nd2
a5 15. Be3 Bxe3 16. Kxe3 a4 17. Bc2 Be6 18. Ra1 Rhd8 19. Rhd1 f5 20. g3 Nd7 21.
f3 h5 22. h4 Nc5 23. b4 Nd7 24. a3 c5 25. Rab1 Rdc8 26. b5 Nb6 27. f4 Kf6 28.
exf5 exf4+ 29. Kxf4 Nd5+ 30. Kf3 gxf5 31. Nc4 Nxc3 32. Nb6 Nxb1 33. Rxb1 Rd8
34. Nxa8 Rxa8 35. b6 Rd8 36. Rb5 Rd5 37. Ra5 Bd7 38. Ke3 Re5+ 39. Kd2 Re6 40.
Rxc5 Rxb6 41. Rd5 Be6 42. Ra5 Rd6+ 43. Kc3 Rc6+ 44. Kd2 Rc8 45. Bxa4 Rg8 46.
Bd1 Rxg3 47. Bxh5 Rh3 48. Ra4 b5 49. Rb4 Rxa3 50. Be2 Ra4 51. Rxb5 Rxh4 52. Rb6
Re4 53. Bd3 Ra4 54. Ra6 1/2-1/2

[Event "TOP 16"]
[Site "Vandoeuvre"]
[Date "2007.02.10"]
[Round "2.6"]
[White "Brih, Said"]
[Black "Heinz, Timothee"]
[Result "0-1"]
[WhiteElo "2225"]
[BlackElo "2300"]
[PlyCount "45"]
[EventDate "2007.??.??"]
[WhiteTeam "Creteil"]
[BlackTeam "Bischwiller"]

1. e4 c5 2. d3 Nc6 3. g3 g6 4. Bg2 Bg7 5. f4 d6 6. Nf3 e6 7. O-O Nge7 8. c3 O-O
9. Be3 b6 10. Qd2 a5 11. Na3 Ba6 12. Rae1 Rb8 13. g4 d5 14. e5 d4 15. cxd4 cxd4
16. Bf2 Nb4 17. Nc4 Nxa2 18. Nxd4 Nb4 19. Be4 Bh6 20. Nd6 Nc8 21. Nxc8 Rxc8 22.
g5 Bg7 23. h4 0-1

[Event "TOP 16"]
[Site "Vandoeuvre"]
[Date "2007.02.10"]
[Round "2.7"]
[White "Mensch, Etienne"]
[Black "Larrat, Philippe"]
[Result "1/2-1/2"]
[WhiteElo "2312"]
[BlackElo "2156"]
[PlyCount "96"]
[EventDate "2007.??.??"]
[WhiteTeam "Bischwiller"]
[BlackTeam "Creteil"]

1. d4 Nf6 2. Nf3 g6 3. g3 Bg7 4. Bg2 O-O 5. O-O d5 6. c4 dxc4 7. Nbd2 Nc6 8.
Nxc4 Be6 9. b3 Bd5 10. Bb2 a5 11. Re1 b5 12. Ncd2 Ne4 13. Ne5 Nxe5 14. Nxe4 Nd7
15. Rc1 a4 16. Nc5 Bxg2 17. Kxg2 Nb6 18. e3 axb3 19. axb3 Ra2 20. Nd3 e5 21.
dxe5 Nd7 22. Bd4 Re8 23. Rc2 Rxc2 24. Qxc2 Nxe5 25. Nxe5 Bxe5 26. Rd1 Bxd4 27.
Rxd4 Qa8+ 28. Kg1 Qa1+ 29. Rd1 Qe5 30. Qc6 Re6 31. Qa8+ Re8 32. Qb7 Re6 33. Rc1
Re7 34. Qc6 Qb2 35. Qc3 Qxc3 36. Rxc3 Rd7 37. Kg2 b4 38. Rc4 c5 39. Rxc5 Rd3
40. Rb5 Rxb3 41. h4 Kg7 42. Rb6 Rb2 43. Kf3 f5 44. Rb7+ Kg8 45. Kg2 Kh8 46. Kf3
Kg8 47. Ra7 Rc2 48. Rb7 Rb2 1/2-1/2